00688nam a2200169Ia 4500003000900000008004100009040001600050080002600066245012800092260005600220300001600276490011300292650004100405650002400446650002200470700002600492IN-BaIIA211028s9999 xx 000 0 eng d cIIA Library a524.3-852(082.2)bOBS 0aObservational basis for velocity fields in stellar atmospherescedited by Roberto Stalio  aTriestebObservatoria Astronomicao Di Triestec1982 axxiv, 477p. aTrieste-workshop series on nonlinear, nonequilibrium thermodynamics of open, nonthermal systems in astronomy aAstronomy and astrophysics thesaurus aStellar atmospheres aStellar evolution aStalio, Roberto., ed.